It looks like you're offline.
Open Library logo
additional options menu

MARC Record from Library of Congress

Record ID marc_loc_updates/v40.i04.records.utf8:7136239:1216
Source Library of Congress
Download Link /show-records/marc_loc_updates/v40.i04.records.utf8:7136239:1216?format=raw

LEADER: 01216cam a2200325 a 4500
001 2007033737
003 DLC
005 20120118132202.0
008 070814s2008 nyua b 001 0 eng
010 $a 2007033737
015 $aGBA769050$2bnb
016 7 $a013829277$2Uk
020 $a9780849379437 (alk. paper)
020 $a0849379431 (alk. paper)
035 $a(OCoLC)ocn150368822
035 $a(OCoLC)150368822
040 $aDLC$cDLC$dBTCTA$dBAKER$dUKM$dC#P$dYDXCP$dDLC
050 00 $aQA76.9.A25$bE385 2008
082 00 $a658.4/78$222
245 00 $aCISO leadership :$bessential principles for success /$cedited by Todd Fitzgerald, Micki Krause.
260 $aNew York :$bAuerbach Publications :$b(ISC)2,$cc2008.
300 $axxxiii, 276 p. :$bill. ;$c25 cm.
440 5 $aThe (ISC)2 Press series
504 $aIncludes bibliographical references and index.
650 0 $aComputer security$xManagement.
650 0 $aComputer networks$xManagement.
700 1 $aFitzgerald, Todd.
700 1 $aNozaki, Micki Krause.
856 41 $3Table of contents only$uhttp://www.loc.gov/catdir/toc/ecip0725/2007033737.html
856 42 $3Publisher description$uhttp://www.loc.gov/catdir/enhancements/fy0827/2007033737-d.html